Object-oriented software engineering: Using UML, Patterns and Java (Record no. 386656)

MARC details
000 -LEADER
fixed length control field 00582 a2200205 4500
005 - DATE & TIME
control field 20250404110416.0
008 - FIXED-LENGTH DATA ELEMENTS--GENERAL INFORMATION
fixed length control field 250404b |||||||| |||| 00| 0 eng d
020 ## - ISBN
International Standard Book Number 9789332518681
Price Rs. 1360.00
040 ## - CATALOGING SOURCE
Original cataloging agency VIVEKANANDA LIBRARY
082 ## - DDC NUMBER
Classification number 005.1
Book Number B832O(3)
100 ## - MAIN ENTRY--PERSONAL NAME
Personal name Bruegge, Bernd.
245 ## - TITLE STATEMENT
Title Object-oriented software engineering: Using UML, Patterns and Java
250 ## - EDITION STATEMENT
Edition statement 3rd
260 ## - PUBLICATION, DISTRIBUTION, ETC. (IMPRINT)
Name of publisher, distributor, etc Pearson India Education Services
Place of publication, distribution, etc Noida
Date of publication, distribution, etc 2025
300 ## - PHYSICAL DESCRIPTION
Pages 723
650 ## - Subject
Subject Computer Science
650 ## - Subject
Subject Oriented Software Engineering
700 ## - Added Entry Personal Name
Added Entry Personal Name Dutoit, Allen H
942 ## - ADDED ENTRY ELEMENTS (KOHA)
Koha item type Books
Holdings
Withdrawn status Lost status Source of classification or shelving scheme Damaged status Not for loan Location (home branch) Sublocation or collection (holding branch) Shelving location Date acquired Koha issues (times borrowed) Koha full call number Accession No. Koha date last seen Koha item type
    Dewey Decimal Classification     VIVEKANANDA LIBRARY VIVEKANANDA LIBRARY UIET Library 06/03/2025   005.1 B832O(3) 430991 06/03/2025 Books
© Designed and Maintained by Vivekananda Library, MDU Rohtak